| 000 | 00609nam a22002057a 4500 | ||
|---|---|---|---|
| 003 | KOHA_MİRAKIL | ||
| 005 | 20260413125619.0 | ||
| 008 | 260413b tu ||||| |||| 00| 0 tur d | ||
| 040 |
_aTR-AnABB _btur _cTR-AnABB |
||
| 041 | _aeng | ||
| 082 |
_a306.6 _bMAR 1969 |
||
| 100 | 1 | _aMardin, Şerif | |
| 245 | 1 | 0 |
_aReligon as ideology / _cŞerif Mardin |
| 260 |
_aAnkara : _bHacettepe Üniversitesi Yayınları, _c1969 |
||
| 300 |
_a12 sayfa ; _c20 cm |
||
| 490 | 0 |
_aHacettepe University Publications ; _vNo: 9 |
|
| 650 | 0 | 4 | _aDin sosyolojisi |
| 900 | _bCan ÇELIK | ||
| 942 |
_2ddc _cBK |
||
| 999 |
_c10202 _d10202 |
||